|
|
|
|
| LEADER |
00000cam a2200000 7i4500 |
| 001 |
0000050193 |
| 005 |
20020116.0 |
| 020 |
|
|
|a 9837204435
|
| 090 |
0 |
0 |
|a 651.75
|b IBR
|
| 100 |
1 |
|
|a Ibrahim Ismail
|
| 245 |
1 |
0 |
|a Model business letters :
|b times-saving, readey-to-use business letters for all occasions
|c Ibrahim Ismail
|
| 260 |
|
|
|a Kuala Lumpur :
|b Golden Books Centre Sdn. Bhd. ,
|c 2000
|
| 300 |
|
|
|a 245p. ;
|c 24cm.
|
| 650 |
0 |
0 |
|a Business writing
|
| 650 |
0 |
0 |
|a Commercial correspondence
|
| 650 |
0 |
0 |
|a Letter writing
|
| 999 |
|
|
|a 00177316
|b BUKU
|c PINJAMAN
|e PERPUSTAKAAN KOMUNITI PETALING JAYA
|
| 999 |
|
|
|a 00177317
|b BUKU
|c PINJAMAN
|e PERPUSTAKAAN KOMUNITI PETALING JAYA
|
| 999 |
|
|
|a 114489
|b BUKU
|c PINJAMAN
|e PERPUSTAKAAN KOMUNITI PETALING JAYA
|